Manual para la planificación, la elaboración y el control de los estados contables (Registro nro. 1888)

Detalles MARC
000 -LEADER
fixed length control field 01505 a2200205 4500
001 - CONTROL NUMBER
control field 29506
005 - DATE AND TIME OF LATEST TRANSACTION
control field 20260407155605.0
008 - FIXED-LENGTH DATA ELEMENTS--GENERAL INFORMATION
fixed length control field 260407a1980 arg spa d
003 - CONTROL NUMBER IDENTIFIER
control field AR-UNSa-BCEJYS
040 ## - CATALOGING SOURCE
Original cataloging agency AR-UNSa-BCEJYS
Language of cataloging spa
Transcribing agency AR-UNSa-BCEJYS
080 ## - UNIVERSAL DECIMAL CLASSIFICATION NUMBER
Universal Decimal Classification number 657.372
Common auxiliary subdivision Técnicas para la preparación de balances (valores corrientes)
100 1# - MAIN ENTRY--PERSONAL NAME
Personal name Martín, Miguel Angel
245 10 - TITLE STATEMENT
Title Manual para la planificación, la elaboración y el control de los estados contables
264 #1 - PRODUCTION, PUBLICATION, DISTRIBUTION, MANUFACTURE, AND COPYRIGHT NOTICE
Place of production, publication, distribution, manufacture Buenos Aires :
Name of producer, publisher, distributor, manufacturer Cangallo
Date of production, publication, distribution, manufacture, or copyright notice 1980
300 ## - PHYSICAL DESCRIPTION
Extent 254 p.
Dimensions 25 cm.
505 ## - FORMATTED CONTENTS NOTE
Formatted contents note Parte I: Tareas de balance: 1. Recursos - 2. Procedimientos de elaboración - 3. Elaboración del activo - 4. Elaboración del pasivo y de las ganancias a realizar - 5. Elaboración del patrimonio neto y de los pasivos eventuales - 6. Elaboración de los estados de resultados -- Parte II: Técnicas para la planificación, la elaboración y el control de los estados contables: 1. Tareas generales - 2. Método del camino crítico - 3. Carga de trabajo - 4. Control de tareas - 5. Sistemas para adecuar el valor adquisitivo de la moneda - 6. Computación y contabilidad -- Parte III: Casos de Aplicación: 1. Planteo del caso de aplicación - 2. Programación de las tareas anticipadas - 3. Programación de las tareas concomitantes - 4. Programación de las tareas posteriores - 5. Programación general -- Parte IV: Normas de aplicación
590 ## - LOCAL NOTE (RLIN)
Local note niveau_biblio:m niveau_hierar:0
700 1# - ADDED ENTRY--PERSONAL NAME
Personal name Landreau, Horacio César
942 ## - ADDED ENTRY ELEMENTS (KOHA)
Koha item type
Existencias
Withdrawn status Lost status Damaged status Not for loan Home library Current library Shelving location Date acquired Total checkouts Full call number Barcode Date last seen Price effective from Koha item type
        Biblioteca Prof. Eusebio Cleto del Rey Biblioteca Prof. Eusebio Cleto del Rey   07/04/2026   657.372 M378 L33218 07/04/2026 07/04/2026 Libro
        Biblioteca Prof. Eusebio Cleto del Rey Biblioteca Prof. Eusebio Cleto del Rey   07/04/2026   657.372 M378 L33515 07/04/2026 07/04/2026 Libro
        Biblioteca Prof. Eusebio Cleto del Rey Biblioteca Prof. Eusebio Cleto del Rey   07/04/2026   657.372 M378 L33516 07/04/2026 07/04/2026 Libro
        Biblioteca Prof. Eusebio Cleto del Rey Biblioteca Prof. Eusebio Cleto del Rey   07/04/2026   657.372 M378 L33742 07/04/2026 07/04/2026 Libro